Statistics for Blox Fruits Random Quiz 1

Click here to take the quiz!

General Stats

  • This quiz has been taken 173 times
    (113 since last reset)
  • The average score is 8 of 10

Answer Stats

HintAnswer% Correct
Whats was the fruit that Rocket replaced?Kilo
97%
Fastest FLYING fruit?Light
96%
What is the starting fighting style?Combat
90%
What is the max possible bounty/honor?30M
86%
What is the current number of races? (As of Update 20)6
86%
This is a rare second sea item, used to summon DarkbeardFist of Darkness
85%
What is the only elemental fruit which does not have an awakeneing?Smoke or Blizzard
85%
Name of 1 of the three swords for True Triple KatanaSaddi, Shisui, Wando
78%
What is Awakened Dough's first move? (Z for PC, X for Xbox)Missile Jab
63%
Accessory which gives the wearer 10x instinct range?Pale Scarf
60%

Score Distribution

Percentile by Number Answered

Percent of People with Each Score

Your Score History

You have not taken this quiz since the last reset